[Event "Titled Tuesday intern op 7th Febr"]
[Site "Chess.com INT"]
[Date "2017.02.07"]
[Round "8"]
[White "Meier, Georg"]
[Black "Hess, Robert L"]
[Result "1-0"]
[WhiteElo "2630"]
[BlackElo "2571"]
[PlyCount "91"]
[EventDate "2017.02.07"]
[EventType "swiss (blitz)"]
[EventRounds "9"]
[EventCountry "USA"]
[SourceTitle "EXT 2021"]
[Source "ChessBase"]
[SourceDate "2020.10.23"]
[SourceVersion "1"]
[SourceVersionDate "2020.10.23"]
[SourceQuality "1"]

1. Nf3 d5 2. g3 Nf6 3. Bg2 c6 4. O-O h6 5. c4 dxc4 ({RR} 5... Nbd7 6. cxd5 cxd5 7. d4 Nb6 8. Nc3 Bd7 9. Ne5 e6 10. e4 Be7 11. Nxd7 Qxd7 12. e5 Nh7 13. Qg4 Bf8 14. a4 g6 15. a5 Nc4 16. b3 Nxa5 17. Rxa5 Bb4 18. Rc5 b6 19. Nxd5 bxc5 20. Nxb4 {Meier,G (2630)-Thorfinnsson,B (2404) Chess.com INT 2017 1-0}) 6. Na3 ({RR} 6. Qc2 b5 7. a4 Bb7 8. b3 cxb3 9. Qxb3 a6 10. Ne5 e6 11. axb5 axb5 12. Rxa8 Bxa8 13. Nc3 Bd6 14. d4 b4 15. Na4 O-O 16. Bb2 Nfd7 17. Rd1 Bxe5 18. dxe5 Qa5 19. Bd4 Rc8 20. Nb2 c5 {Lobron,E (2509)-Anand,V (2781) Tallinn 2004 0-1}) ({RR} 6. a4 Be6 7. Na3 g6 8. Qc2 Qd5 9. Nh4 Qd4 10. Nf3 Qd5 11. Nh4 Qd4 12. Nf3 Qg4 13. h3 Qf5 14. Qxf5 Bxf5 15. Nxc4 Bg7 16. d3 O-O 17. Bd2 Be6 18. Rfc1 Bd5 19. Rab1 Rc8 20. Bb4 c5 {Yildiz,E (2204)-Bogdanov,A (2373) Vrnjacka Banja SRB 2025 ½-½ (53)}) 6... Be6 7. b3 $146 ({RR} 7. Qc2 Qd5 8. Qc3 Ne4 9. Qe3 Nd6 10. Nd4 Qc5 11. Nxe6 Qxe3 12. dxe3 fxe6 13. Bd2 Nd7 14. Rac1 Nb6 15. e4 e5 16. Bc3 Nd7 17. Rfd1 e6 18. Bh3 Nxe4 19. Nxc4 Bc5 20. Be1 Ke7 21. a4 Rhf8 {Kirov,N-De Veauce,L Birmingham 1974 1-0 (53)}) ({RR} 7. Qc2 Qd5 8. Rd1 Nbd7 9. d3 cxd3 10. Rxd3 Qc5 11. Qd1 Ng4 12. Nd4 Rd8 13. Bf4 Nde5 14. Bxe5 Qxe5 15. Nxe6 Rxd3 16. Qxd3 Qxe6 17. Rd1 Qd6 18. Qb3 Qc7 19. Qa4 Nf6 20. Qxa7 Qc8 21. Nb5 Nd7 {Graeber,R (2104)-Kevekordes,P (1869) Germany 2016 1-0 (34)}) 7... cxb3 8. axb3 Na6 9. Bb2 Nc5 10. Nc4 Bd5 11. d3 e6 12. Qc2 Be7 13. Rfd1 O-O 14. e4 Bxc4 15. bxc4 a5 16. e5 Nfd7 17. d4 Na6 18. Qe4 Nb4 19. Ne1 Nb6 20. Rac1 Na4 21. Ba1 Qd7 22. Nd3 Nxd3 23. Rxd3 Rfd8 24. Rcd1 Rac8 25. Qg4 b5 26. c5 f5 27. exf6 Bxf6 28. Be4 Qf7 29. Bg6 Qd7 30. Be4 Qf7 31. Qf3 Qd7 32. h4 b4 33. Qg4 Nc3 34. Bxc3 bxc3 35. Rxc3 e5 36. Bf5 Qxd4 37. Rxd4 exd4 38. Ra3 Rb8 39. Qg6 Rb5 40. Be6+ Kh8 41. Rf3 Rf8 42. Bf5 Kg8 43. g4 Rxc5 44. g5 hxg5 45. Be6+ Kh8 46. Qh5# 1-0

[Event "Moscow Aeroflot op-A 16th"]
[Site "Moscow"]
[Date "2017.02.21"]
[Round "1"]
[White "Berkes, Ferenc"]
[Black "Swapnil, S Dhopade"]
[Result "1-0"]
[WhiteElo "2648"]
[BlackElo "2534"]
[PlyCount "60"]
[EventDate "2017.02.21"]
[EventType "swiss"]
[EventRounds "9"]
[EventCountry "RUS"]
[SourceTitle "CBM 177"]
[Source "ChessBase"]
[SourceDate "2017.03.16"]
[SourceVersion "1"]
[SourceVersionDate "2017.03.16"]
[SourceQuality "1"]

1. Nf3 {Sagar,Shah} Nf6 2. g3 d5 3. Bg2 c6 4. O-O Bg4 5. d3 Nbd7 6. Qe1 e5 7. e4 ({RR} 7. h3 Bxf3 8. Bxf3 e4 9. Bg2 Bc5 10. Nc3 Qe7 11. dxe4 dxe4 12. Bg5 h6 13. Bxf6 Nxf6 14. e3 O-O 15. Qe2 Rad8 16. Rad1 b5 17. a4 a6 18. axb5 axb5 19. Rxd8 Rxd8 20. Rd1 Re8 21. Nb1 Qe6 {Kramnik,V (2801)-Anand,V (2784) Zuerich 2016 ½-½ (31)}) 7... Bd6 ({RR} 7... dxe4 8. dxe4 Bd6 9. Nbd2 O-O 10. h3 Bh5 11. Nc4 Bc7 12. a4 Re8 ({RR} 12... b5 13. axb5 cxb5 14. Ne3 Nxe4 15. Nh4) 13. Nh4 Nc5 14. Nf5 Ne6 15. Be3) 8. h3 ({RR} 8. exd5 cxd5 9. Nxe5 Nxe5 10. d4 O-O 11. dxe5 Re8 12. f4 Bc5+ 13. Be3 Qb6 14. Bxc5 Qxc5+ 15. Qf2 Qxf2+ 16. Kxf2 Ne4+ 17. Ke3 f6 18. Bxe4 dxe4 19. Nc3 fxe5 20. f5 Rac8 21. Kxe4 b5 22. a3 a5 {Tin,J (2572)-Hubbard,A (2109) chess.com INT 2024 1-0 (39)}) 8... Bh5 ({RR} 8... Bxf3 9. Bxf3 dxe4 10. dxe4 O-O) 9. exd5 $146 ({RR} 9. Nh4 O-O 10. g4 Bg6 11. g5 ({RR} 11. Nf5 Bxf5 12. exf5 ({RR} 12. gxf5 Re8) 12... h6 13. Qd1 Re8 14. Re1 ({RR} 14. h4 Nh7) 14... Qb6) 11... Nh5 12. exd5 cxd5 13. Nxg6 hxg6 14. Bxd5 Nf4 15. Bxf4 exf4 16. h4 Qc8 17. Qe4 ({RR} 17. Nc3 Ne5 18. Qe4 Qg4+ 19. Qg2 Qxh4) 17... Qxc2 ({RR} 17... Re8 18. Bxb7 ({RR} 18. Qxg6 Ne5 19. Qe4 Ng6 20. Qxg6 Qg4+ 21. Kh1 Qh3+ 22. Kg1 Qg4+) 18... Qc7 ({RR} 18... Rxe4 19. Bxc8) ({RR} 18... Qxc2 19. Qc6 Qxc6 ({RR} 19... Qxb2 20. Bxa8 Qxa1 21. Qxd6) 20. Bxc6) 19. Qc6 Rac8 20. Qxc7 Rxc7 21. Bd5 Rxc2 22. Na3 Bxa3 23. bxa3 Rc5) 18. Nc3 ({RR} 18. Na3 Bxa3 ({RR} 18... Qxb2 19. Nc4) 19. bxa3 Rad8 ({RR} 19... Rae8 20. Bxf7+ Kxf7 21. Qd5+ Ke7 22. Rac1 Qa4 23. Rc4 Qa6 24. Rb1) 20. Qxf4 Nc5) ({RR} 18. Qxg6 Bc5 ({RR} 18... Qxb2 19. Qxd6 Qxa1 20. Qxd7) 19. Qh5 Qxd3 20. g6 Qg3+ 21. Kh1 Qh3+) 18... Qxb2 ({RR} 18... Rae8 19. Qxg6) 19. Qxg6 Bc5 ({RR} 19... Qxc3 20. Qxd6 Ne5 ({RR} 20... Rad8 21. Rac1 Qe5 ({RR} 21... Qxd3 22. Bxf7+) ({RR} 21... Qa5 22. Be4 ({RR} 22. Bxb7 Qf5) 22... Nf6 23. Qc7 Qxc7 24. Rxc7 Nxe4 25. dxe4) 22. Qxe5 Nxe5 23. Bxb7 Rxd3) 21. Rac1 Qd4 ({RR} 21... Qb2 22. Rfe1 Nxd3 23. Bxf7+ Rxf7 24. Qxd3) 22. Rc4 ({RR} 22. Bxf7+ Rxf7 23. Qxd4 Nf3+) 22... Qb2 ({RR} 22... Nxc4 23. Bxf7+) 23. Re4 ({RR} 23. Rxf4 Rad8) 23... Nf3+ 24. Kg2 Nxh4+ 25. Kh3 Nf3 26. g6 Ng5+ 27. Kh4 Nxe4 28. dxe4) ({RR} 19... Be5 20. Qh5 Qxc3 21. g6 Nf6 ({RR} 21... Rfd8 22. Rac1 Qd4 23. Bxf7+) 22. gxf7+ Rxf7 23. Bxf7+ Kf8 24. Qh8+ Kxf7 25. Qxa8) 20. Ne4 Qe5 ({RR} 20... Qd4 21. Bb3 Qxd3 22. Nf6+) ({RR} 20... Rad8 21. Rab1 Qd4 22. Bb3 Be7) ({RR} 20... Ne5 21. Nf6+ Kh8 22. Qh7#) ({RR} 20... Rae8 21. Rae1) 21. Bb3 Bxf2+ ({RR} 21... f3 22. Rae1 Qf4 23. Qh5 g6 24. Qxg6+ Kh8 25. Qh5+ Kg7 26. Qh6+ Kg8 27. d4 Bxd4 28. Qg6+ Kh8 29. Qd6 Qg4+ 30. Qg3 ({RR} 30. Ng3 Qh3) 30... Qxg3+ 31. Nxg3) ({RR} 21... Be7 22. Rae1) 22. Nxf2 ({RR} 22. Kxf2 Qb2+ 23. Kg1 Qxb3 24. Qxg7+ Kxg7 25. axb3 f6 26. Ra5 fxg5 27. Rxg5+ Kh7 28. Kh1) 22... f3 23. Ne4 Qd4+ {Kramnik,V (2760)-Sjugirov,S (2673) Doha 2014 CBM 164 [Sagar,Shah] 1-0} ({RR} 23... Qb2 24. Rxf3 ({RR} 24. Nf6+ Nxf6 25. gxf6 Qd4+ 26. Kh2 Qxh4+ 27. Kg1 Qd4+) 24... Qxb3 ({RR} 24... Qxa1+ 25. Rf1 Qd4+ 26. Rf2 Qa1+ 27. Kg2) 25. Qxg7+ Kxg7 26. axb3) {RR} 24. Kh2 Qb2+ 25. Nf2 ({RR} 25. Rf2 Qxa1) 25... Qxb3 26. Qxg7+ Kxg7 27. axb3 Nc5) ({RR} 9. Nh4 O-O 10. Nf5 Bc7 11. a4 Re8 12. a5 Nf8 13. b4 dxe4 14. dxe4 b6 15. a6 Ne6 16. Na3 Qd7 17. Bb2 Rad8 18. Nc4 Nf8 19. f4 exf4 20. Nxg7 Kxg7 21. g4 b5 22. Qh4 Qe6 23. g5 bxc4 {Drljevic,L (2237)-Makka,I (2069) Riga 2017 1-0 (31)}) 9... Nxd5 10. Nxe5 Nxe5 11. d4 O-O 12. dxe5 Re8 13. f4 f6 14. Nc3 fxe5 15. f5 Nxc3 16. Qxc3 e4 17. Bf4 e3 18. Rae1 e2 19. Rf2 Bxf4 20. Rxf4 Qb6+ 21. Qd4 Qa5 22. Qb4 Qxa2 23. Kf2 Rad8 24. g4 Bf7 25. Bf3 Rd7 26. Rd4 a5 27. Qc3 Rxd4 28. Qxd4 h6 29. Rxe2 Rxe2+ 30. Bxe2 Qd5 1-0

[Event "Moscow Aeroflot op-A 16th"]
[Site "Moscow"]
[Date "2017.02.28"]
[Round "8"]
[White "Rozum, Ivan"]
[Black "Tabatabaei, Mohammad Amin"]
[Result "1-0"]
[WhiteElo "2601"]
[BlackElo "2507"]
[PlyCount "89"]
[EventDate "2017.02.21"]
[EventType "swiss"]
[EventRounds "9"]
[EventCountry "RUS"]
[SourceTitle "CBM 177"]
[Source "ChessBase"]
[SourceDate "2017.03.16"]
[SourceVersion "1"]
[SourceVersionDate "2017.03.16"]
[SourceQuality "1"]

1. Nf3 {Gormally,Daniel} Nf6 2. g3 b5 3. Bg2 Bb7 4. Na3 a6 ({RR} 4... b4 5. Nc4 Nc6 ({RR} 5... a5) 6. Nd4 d5 7. Nxc6 Bxc6 8. Na5) 5. c4 b4 6. Nc2 e6 ({RR} 6... c5 7. O-O e6 8. d4 cxd4 9. Ncxd4 Be7 10. b3 O-O 11. Bb2 d6 12. Qd2 Qb6 13. a3 bxa3 14. Bxa3) 7. O-O ({RR} 7. d4 a5 ({RR} 7... c5 8. d5 exd5 9. Nh4 g6 10. Ne3 Bg7 11. Nxd5 Nxd5 12. Bxd5 Nc6 13. Ng2 O-O 14. Nf4) 8. O-O Be7 ({RR} 8... Be4) 9. d5 Na6 ({RR} 9... exd5 10. Nfd4 c6 11. cxd5 Nxd5 12. Nf5 O-O 13. e4) 10. Nfd4 Nc5 11. Re1 O-O 12. e4 e5 13. Nf5 d6 14. Bg5 ({RR} 14. Qf3 Nfd7) 14... Nxd5 ({RR} 14... h6 15. Bh4 ({RR} 15. Bxh6 gxh6 16. Qd2 Bc8) ({RR} 15. Be3 Bc8 ({RR} 15... Nfxe4 16. Bxe4 Nxe4 17. Qg4 Ng5 18. h4 h5 19. Nxe7+) 16. Qf3 Ncxe4) ({RR} 15. Bd2 Nd3 16. Bxh6 Nxe1 17. Bxg7 Bc8 ({RR} 17... Nxc2 18. Qxc2 Bc8) 18. Nce3 Nxg2 19. Kxg2 Re8) 15... Kh7 16. f4 Ng8 17. Nxe7 Nxe7 18. Ne3 f6) 15. Bh6 gxh6 16. Qg4+ Bg5 17. cxd5 Kh8 18. h4 Bf6 19. Nce3 Bc8 20. Qf3 Bg7 21. Bh3 Rg8 {Carlsen,M (2863)-Vachier Lagrave,M (2765) Shamkir 2015 CBM 166 [Gormally,Daniel] 1-0 (54)}) 7... Be7 8. d4 Be4 ({RR} 8... O-O 9. a3 bxa3 10. b4 d5 11. c5 Bc6 12. Ne5 Ba4 13. Rxa3 Qe8 14. Bf4 Qb5 15. Qd2 Bxc2 16. Ra5 Qb7 17. Qxc2 Qxb4 18. Ra4 Qb7 19. Rb1 Qc8 20. Rab4 a5 21. Rb7 Na6 22. Nc6 Bd8 23. Na7 {Bernabeu Lopez,C (2413)-Malicka,M (2183) Oviedo ESP 2024 ½-½ (59)}) ({RR} 8... O-O 9. Re1 a5 10. Ne5 Bxg2 11. Kxg2 d6 12. Nd3 Qc8 13. e4 Qb7 14. Qf3 Nbd7 15. e5 Qxf3+ 16. Kxf3 Ne8 17. Bf4 Rc8 18. b3 c5 19. Rad1 d5 20. cxd5 exd5 21. Ne3 Nc7 22. Nf5 Bd8 23. Nd6 {Rozum,I (2590)-Tsoi,D (2361) Sochi 2017 1-0 (38)}) 9. Nd2 $146 ({RR} 9. a3 bxa3 10. b3 c5 11. Bxa3 cxd4 12. Ncxd4 O-O 13. Qc1 Nc6 14. Nxc6 Bxc6 15. Bxe7 Qxe7 16. Qa3 d6 17. Rfd1 Rfd8 18. b4 Be4 19. Nd4 Bxg2 20. Kxg2 Rdc8 21. b5 Qb7+ 22. Qf3 d5 23. cxd5 Nxd5 {Seeman,T (2414)-Mertanen,J (2228) Jyvaskyla 2015 ½-½ (110)}) ({RR} 9. Bg5 a5 10. Ne5 Bxg2 11. Kxg2 O-O 12. Qd3 d6 13. Qf3 Ra7 14. Nd3) ({RR} 9. a3 bxa3 10. Nxa3 c5 11. dxc5 Bxc5 12. Nb1 Bb7 13. Nc3 Nc6 14. Na4 Be7 15. Be3 d6 16. Nd4 Qc7 17. Nxc6 Bxc6 18. Bxc6+ Qxc6 19. Nb6 Ra7 20. Qa4 Qxa4 21. Rxa4 Ng4 22. Bd4 Bf6 23. c5 d5 {Lei,T (2495)-Socko,B (2587) Moscow 2016 1-0 (50)}) 9... Bxg2 10. Kxg2 c5 11. e4 O-O 12. d5 exd5 13. exd5 Re8 14. b3 a5 15. a4 d6 16. Ne3 Bf8 17. Bb2 Nbd7 18. Qc2 g6 19. Rae1 Bg7 20. f4 Re7 21. Nd1 Qf8 22. Rxe7 Qxe7 23. Nf3 Re8 24. Re1 Qf8 25. Rxe8 Qxe8 26. Nf2 Nh5 27. Bc1 f5 28. h3 Bc3 29. g4 Ng7 30. Kf1 fxg4 31. hxg4 Nf6 32. Qe2 Qd7 33. Ng5 h5 34. gxh5 gxh5 35. Ne6 Nf5 36. Qd3 Qh7 37. Ng5 Qg6 38. Bd2 Bd4 39. Ke1 Ng4 40. Nfe4 Kh8 41. Nxd6 Ngh6 42. Nb5 Ng4 43. Nxd4 cxd4 44. c5 Qe8+ 45. Ne6 1-0

[Event "Moscow Aeroflot op-A 16th"]
[Site "Moscow"]
[Date "2017.03.01"]
[Round "9"]
[White "Vidit, Santosh Gujrathi"]
[Black "Bindrich, Falko"]
[Result "1-0"]
[WhiteElo "2673"]
[BlackElo "2590"]
[PlyCount "77"]
[EventDate "2017.02.21"]
[EventType "swiss"]
[EventRounds "9"]
[EventCountry "RUS"]
[SourceTitle "CBM 177"]
[Source "ChessBase"]
[SourceDate "2017.03.16"]
[SourceVersion "1"]
[SourceVersionDate "2017.03.16"]
[SourceQuality "1"]

1. Nf3 d5 2. g3 c6 3. Bg2 Bg4 4. O-O Nd7 5. d3 Ngf6 6. h3 Bh5 7. Qe1 e5 8. e4 dxe4 9. dxe4 Bc5 10. a4 a5 11. Nbd2 O-O 12. Nc4 Qc7 13. Bd2 b6 14. Nh4 Rfe8 15. Kh1 ({RR} 15. Bc3 Nf8 16. Nf5 N6d7 17. Kh1 f6 18. f3 Bf7 19. Qe2 Ne6 20. Rfd1 Nd4 21. Bxd4 exd4 22. f4 Rad8 23. Qg4 Bg6 24. Nxd4 Bxd4 25. Rxd4 Ne5 26. Nxe5 Rxd4 27. Nxg6 hxg6 28. Qxg6 Qf7 29. Qg4 Qe6 {Efimov,L (2058)-Popov,K (2364) Ershovo RUS 2024 0-1 (39)}) 15... Bg6 16. Rd1 Nf8 $146 ({RR} 16... Bf8 17. b3 Nc5 18. Nxg6 hxg6 19. Bc3 Ra6 20. Qe2 b5 21. Nb2 Raa8 22. f3 bxa4 23. bxa4 Nh5 24. Kh2 Ne6 25. Nc4 f6 26. h4 Bb4 27. Bb2 Rad8 28. Bh3 Qf7 29. c3 Bf8 30. Bc1 Nc5 31. Nxa5 {Turov,M (2614)-Kevlishvili,R (2451) Vandoeuvre 2018 0-1 (60)}) 17. Bg5 N6d7 18. Nf5 Ne6 19. Ncd6 Bxd6 20. Nxd6 Reb8 21. Be7 Ndc5 22. Nf5 Nb7 23. Qc3 Nec5 24. Bg5 Re8 25. b3 f6 26. Be3 Rad8 27. f4 Kh8 28. fxe5 fxe5 29. Qc4 Bh5 30. Rxd8 Rxd8 31. Bg5 Rb8 32. Nxg7 Nd6 33. Ne8 Bf7 34. Nxc7 Bxc4 35. bxc4 Rc8 36. Bf6+ Kg8 37. Bxe5 Nxc4 38. Bf4 Nxa4 39. h4 1-0

[Event "Bad Ragaz Accentus YM"]
[Site "Bad Ragaz"]
[Date "2017.03.02"]
[Round "2"]
[White "Demuth, Adrien"]
[Black "Dragnev, Valentin"]
[Result "1-0"]
[WhiteElo "2527"]
[BlackElo "2520"]
[PlyCount "87"]
[EventDate "2017.03.01"]
[EventType "tourn"]
[EventRounds "9"]
[EventCountry "SUI"]
[EventCategory "9"]
[SourceTitle "CBM 177 Extra"]
[Source "ChessBase"]
[SourceDate "2017.04.27"]
[SourceVersion "1"]
[SourceVersionDate "2017.04.27"]
[SourceQuality "1"]

1. Nf3 d5 2. g3 g6 3. c4 dxc4 4. Na3 Bg7 5. Bg2 e5 6. Qa4+ Nc6 7. Nxc4 Bd7 8. Qc2 $146 ({RR} 8. Na5 Qc8 9. Nxc6 Bxc6 10. Qc4 h6 11. d3 Ne7 12. h4 Nf5 13. e4 Nd6 14. Qb3 O-O 15. Bd2 a5 16. a4 Bd7 17. Bc3 Re8 18. O-O Bg4 19. Rfe1 b6 20. Rac1 c5 21. Qxb6 Re6 22. Qb3 Re8 {Maghsoodloo,P (2680)-Gharibyan,M (2473) chess.com INT 2025 1-0 (38)}) ({RR} 8. Na5 Nxa5 9. Qxa5 c6 10. Qc3 Qc7 11. b3 Ne7 12. e4 O-O 13. Bb2 Rfe8 14. O-O Nc8 15. d4 exd4 16. Nxd4 Nd6 17. Rad1 Nxe4 18. Bxe4 Rxe4 19. Ne6 Bxc3 20. Nxc7 Bxb2 21. Nxa8 Re7 22. Rfe1 Kf8 {Krysa,L (2542)-Kollars,D (2628) Spilimbergo ITA 2023 0-1}) 8... Nge7 9. O-O O-O 10. d3 Nf5 11. e3 b5 12. Ncd2 Nb4 13. Qc3 c5 14. Ne4 Rc8 15. a3 Nd5 16. Qc2 Qb6 17. Bd2 b4 18. Rfc1 b3 19. Qc4 Rfd8 20. Nxc5 Bb5 21. Qxb3 Rxc5 22. Rxc5 Qxc5 23. Rc1 Qb6 24. e4 Nde3 25. exf5 Nxg2 26. Ng5 Be8 27. Qxb6 axb6 28. fxg6 hxg6 29. Kxg2 Bb5 30. Rc7 Bxd3 31. Be3 b5 32. Nxf7 Ra8 33. Nh6+ Kh8 34. Nf7+ Kg8 35. Bh6 Bf6 36. Bg5 Bg7 37. Nh6+ Kh8 38. Nf7+ Kg8 39. Nh6+ Kh8 40. Ng4 Ra6 41. Bh6 Bxh6 42. Nxh6 e4 43. Nf7+ Kg8 44. Ne5 1-0

[Event "PRO League KO Stage"]
[Site "Chess.com INT"]
[Date "2017.03.08"]
[Round "2"]
[White "Mareco, Sandro"]
[Black "Nakamura, Hikaru"]
[Result "1-0"]
[WhiteElo "2664"]
[BlackElo "2793"]
[PlyCount "59"]
[EventDate "2017.03.01"]
[EventType "team-k.o. (rapid)"]
[EventRounds "5"]
[EventCountry "USA"]
[SourceTitle "CBM 177 Extra"]
[Source "ChessBase"]
[SourceDate "2017.04.27"]
[SourceVersion "1"]
[SourceVersionDate "2017.04.27"]
[SourceQuality "1"]
[WhiteTeam "Buenos Aires Krakens"]
[BlackTeam "Miami Champions"]
[WhiteTeamCountry "ARG"]
[BlackTeamCountry "USA"]

1. Nf3 d5 2. c4 d4 3. b4 c5 4. e3 dxe3 5. fxe3 cxb4 6. d4 Nf6 7. Bd3 g6 8. a3 bxa3 9. O-O Bg7 10. Bxa3 O-O 11. Nc3 Nc6 ({RR} 11... a5 12. Rb1 Nc6 13. Qe1 b6 14. Qh4 Nb4 15. Rxb4 axb4 16. Bxb4 Re8 17. Ne5 Bb7 18. Nxf7 Qc8 19. Ne5 Qe6 20. Ne2 Nh5 21. Nf4 Nxf4 22. exf4 Bxe5 23. fxe5 Ra2 24. Rf2 Rxf2 25. Qxf2 Qg4 26. Bc3 {Crump. Alexander J (2049)-Yang,Q (2229) Charlotte USA 2025 ½-½ (179)}) 12. h3 ({RR} 12. Kh1 b6 13. e4 Bg4 14. e5 Nh5 15. Be4 Rc8 16. Bxc6 Rxc6 17. Nd5 Rxc4 18. Nxe7+ Kh8 19. Qb3 Rc7 20. Ng5 Be6 21. Nxe6 fxe6 22. Qxe6 Nf4 23. Qg4 Qxd4 24. Nxg6+ hxg6 25. Bxf8 Bxe5 26. Rad1 Qc4 {Aravindh,C (2718)-Nakamura,H (2802) chess.com INT 2024 1-0}) 12... b6 13. Qe2 $146 ({RR} 13. Qe1 a5 14. d5 Ba6 15. dxc6 Qxd3 16. Ne5 Qd8 17. Rd1 Qc7 18. Nd7 Qxc6 19. Rxf6 exf6 20. Bxf8 Rxf8 21. Nd5 Re8 22. N7xb6 Bxc4 23. Rc1 Bxd5 24. Rxc6 Bxc6 25. Qxa5 Rxe3 26. Qc5 Re6 27. Nd5 Bf8 {Demuth,A (2538)-Yu,Y (2743) Antalya 2017 0-1 (35)}) 13... Bb7 14. Rac1 Rc8 15. Rfd1 Na5 16. Bb4 Nc6 17. Ba3 Bh6 18. Rc2 Re8 19. c5 e5 20. d5 Nxd5 21. Nxd5 Qxd5 22. Bxg6 Qb3 23. Rd3 Qa4 24. Bxf7+ Kxf7 25. Ng5+ Kg8 26. Qh5 Re7 27. Rf2 Bxg5 28. Qxg5+ Rg7 29. Qf5 Ne7 30. Qxc8+ 1-0

[Event "PRO League KO Stage"]
[Site "Chess.com INT"]
[Date "2017.03.08"]
[Round "2"]
[White "Carlsen, Magnus"]
[Black "Salem, AR Saleh"]
[Result "1-0"]
[WhiteElo "2838"]
[BlackElo "2652"]
[PlyCount "73"]
[EventDate "2017.03.01"]
[EventType "team-k.o. (rapid)"]
[EventRounds "5"]
[EventCountry "USA"]
[SourceTitle "CBM 177 Extra"]
[Source "ChessBase"]
[SourceDate "2017.04.27"]
[SourceVersion "1"]
[SourceVersionDate "2017.04.27"]
[SourceQuality "1"]
[WhiteTeam "Norway Gnomes"]
[BlackTeam "Delhi Dynamite"]
[WhiteTeamCountry "NOR"]
[BlackTeamCountry "IND"]

1. Nf3 Nf6 2. g3 g6 3. b3 Bg7 4. Bb2 O-O 5. Bg2 d5 6. c4 e6 7. O-O c5 8. cxd5 exd5 9. d4 Ne4 10. Nc3 Nc6 11. Na4 $146 ({RR} 11. e3 Bg4 12. h3 Bf5 13. Rc1 cxd4 14. Nxd4 Nxd4 15. exd4 Nxc3 16. Rxc3 Qd7 17. g4 Be6 18. Qd2 f5 19. Rfc1 fxg4 20. Rc7 Qd6 21. hxg4 Bxg4 22. Rxb7 Rac8 23. Rc5 Be6 24. Qa5 Qf4 25. Qe1 Bf7 {Ahmad,K (2321)-Tokhirjonova,G (2357) chess.com INT 2024 1-0 (49)}) ({RR} 11. e3 Bg4 12. h3 Bf5 13. Rc1 cxd4 14. Nxd4 Nxd4 15. exd4 Nxc3 16. Rxc3 Qd7 17. g4 Be6 18. Qd2 f5 19. Rfc1 fxg4 20. Rc7 Qd6 21. hxg4 Bxg4 22. Rxb7 Rac8 23. Rc5 Be6 24. Qa5 Qf4 25. Qe1 Bf7 {Ahmad,K (2321)-Tokhirjonova,G (2357) chess.com INT 2024 1-0 (49)}) 11... c4 12. bxc4 dxc4 13. Rc1 b5 14. Ne5 Nxe5 15. Bxe4 Bh3 16. dxe5 bxa4 17. Re1 Rb8 18. Ba3 Re8 19. Bd6 Rc8 20. Bb7 Rc7 21. Bxc7 Qxc7 22. Bd5 c3 23. Qxa4 Rxe5 24. Qf4 Qe7 25. e4 h5 26. Qe3 Rg5 27. Rxc3 Bxc3 28. Qxc3 Kh7 29. Qe3 Kg7 30. f4 Rg4 31. Qc3+ Kh7 32. Rb1 Qd8 33. Rb7 Kh6 34. Kf2 h4 35. Rxf7 hxg3+ 36. hxg3 Qb6+ 37. Ke2 1-0

[Event "PRO League KO Stage"]
[Site "Chess.com INT"]
[Date "2017.03.15"]
[Round "3"]
[White "Li, Chao B"]
[Black "Mareco, Sandro"]
[Result "1-0"]
[WhiteElo "2720"]
[BlackElo "2664"]
[PlyCount "65"]
[EventDate "2017.03.01"]
[EventType "team-k.o. (rapid)"]
[EventRounds "5"]
[EventCountry "USA"]
[SourceTitle "CBM 177 Extra"]
[Source "ChessBase"]
[SourceDate "2017.04.27"]
[SourceVersion "1"]
[SourceVersionDate "2017.04.27"]
[SourceQuality "1"]
[WhiteTeam "Montreal ChessBrahs"]
[BlackTeam "Buenos Aires Krakens"]
[WhiteTeamCountry "CAN"]
[BlackTeamCountry "ARG"]

1. Nf3 Nf6 2. g3 d5 3. Bg2 c6 4. O-O Bf5 5. d3 e6 6. Nbd2 h6 7. b3 Be7 8. Bb2 O-O 9. Qe1 a5 10. a3 Bh7 11. e4 c5 12. Ne5 Nc6 13. Nxc6 bxc6 14. f4 a4 15. Kh1 ({RR} 15. Qe2 axb3 16. cxb3 Qb6 17. Kh1 Qa6 18. Rae1 Rfd8 19. f5 dxe4 20. fxe6 Qxd3 21. exf7+ Kxf7 22. Nxe4 Qxe2 23. Rxe2 Rab8 24. Bh3 Rb7 25. Be6+ Kf8 26. a4 Ra8 27. Nxf6 gxf6 28. Bc4 Bg8 29. Bxf6 Bxf6 {Li,C (2756)-Tregubov,P (2597) Germany 2016 1-0 (33)}) 15... Re8 $146 ({RR} 15... Qb6 16. Rb1 Qb5 17. c4 Qa6 18. f5 d4 19. fxe6 fxe6 20. Bh3 e5 21. Nf3 Bd6 22. b4 cxb4 23. axb4 a3 24. Ba1 Rab8 25. c5 Qxd3 26. Be6+ Kh8 27. Rb3 Qxe4 28. cxd6 Nd5 29. Qxe4 Bxe4 30. Kg1 {Harutjunyan,G (2464)-Nukin,A (2338) Izhevsk 2011 1-0 (51)}) 16. Qe2 Qb6 17. Rae1 Nd7 18. g4 Bf8 19. g5 hxg5 20. fxg5 axb3 21. cxb3 d4 22. e5 Bf5 23. Rf4 g6 24. b4 cxb4 25. Nc4 Qc7 26. Nd6 Bxd6 27. exd6 Qb6 28. Bxd4 c5 29. Be5 Bxd3 30. Rh4 f5 31. Qe3 Nf8 32. Rh8+ Kf7 33. Qh3 1-0

[Event "PRO League KO Stage"]
[Site "Chess.com INT"]
[Date "2017.03.25"]
[Round "4.1"]
[White "Pantsulaia, Levan"]
[Black "Hammer, Jon Ludvig"]
[Result "1-0"]
[WhiteElo "2589"]
[BlackElo "2630"]
[PlyCount "90"]
[EventDate "2017.03.01"]
[EventType "team-k.o. (rapid)"]
[EventRounds "5"]
[EventCountry "USA"]
[SourceTitle "CBM 177 Extra"]
[Source "ChessBase"]
[SourceDate "2017.04.27"]
[SourceVersion "1"]
[SourceVersionDate "2017.04.27"]
[SourceQuality "1"]
[WhiteTeam "Stockholm Snowballs"]
[BlackTeam "Norway Gnomes"]
[WhiteTeamCountry "SWE"]
[BlackTeamCountry "NOR"]

1. Nf3 d5 2. g3 g6 3. c4 dxc4 4. Na3 Nc6 5. Nxc4 Bg7 6. d3 e5 7. Bd2 Nge7 8. Bg2 O-O 9. O-O ({RR} 9. b4 e4 10. dxe4 Bxa1 11. Qxa1 f6 12. b5 Nb8 13. Bh6 Rf7 14. O-O Be6 15. Rd1 Qe8 16. Ne3 a6 17. e5 axb5 18. exf6 Rxa2 19. Qb1 Nec6 20. Ng5 Ra5 21. Nxe6 Qxe6 22. Bd5 Qxf6 23. Ng4 Qe7 {Zeller,F (2322)-Semling,J (2213) Germany GER 2025 1-0}) 9... Be6 ({RR} 9... Nd5 10. Rc1 h6 11. a3 Be6 12. b4 a6 13. e4 Nb6 14. Na5 Qxd3 15. Nxb7 Bc4 16. Re1 Qxa3 17. Na5 Nxa5 18. bxa5 Bb3 19. Re3 Bxd1 20. Rxa3 Bxf3 21. Bxf3 Nc8 22. Rxc7 Nd6 23. Be2 Nxe4 24. Be3 {Carlsen,M (2853)-Nakamura,H (2787) Chess.com INT 2016 1-0 (61)}) 10. Rc1 Qc8 $146 ({RR} 10... h6 11. b4 a6 12. a4 Bxc4 13. Rxc4 Nd5 14. Qc1 Kh7 15. b5 axb5 16. axb5 Na5 17. Bxa5 Rxa5 18. Rc5 Ne7 19. Rxc7 Rxb5 20. Qc4 Rb2 21. Re1 b5 22. Qc5 Nf5 23. Nxe5 Nd4 24. Nxf7 Qf6 25. Bd5 {Megalios,K (2379)-Meshkovs,N (2540) chess.com INT 2024 0-1 (43)}) ({RR} 10... h6 11. b4 a6 12. a4 Rb8 13. b5 axb5 14. axb5 Nd4 15. b6 Nxf3+ 16. Bxf3 c6 17. Bb4 Ra8 18. Bd6 Qd7 19. Bc7 Nc8 20. Nxe5 Bxe5 21. Bxe5 Nxb6 22. Rb1 Nd5 23. Qd2 Kh7 24. Rfc1 Ra4 25. Ra1 {Pantsulaia,L (2581)-Nyambalo,J (1981) Chennai 2022 1-0 (35)}) ({RR} 10... h6 11. b4 a6 12. a4 b5 13. Na3 Rb8 14. axb5 axb5 15. Rc5 Qd7 16. Nxb5 Nd5 17. Qc1 Ncxb4 18. Bxb4 Nxb4 19. Nxc7 Rfc8 20. Nxe6 Qxe6 21. Nd2 Rd8 22. Qc4 Qe7 23. Rb1 Bf8 24. Rc7 Rd7 25. Rxd7 {Mikhalevski,V (2524)-Gavriely,O (2106) Acre ISR 2024 1-0 (40)}) 11. b4 a6 12. a4 b5 13. Na3 Rb8 14. Ng5 Bd7 15. axb5 axb5 16. Ne4 Bg4 17. Nc2 f5 18. Nc5 f4 19. Bc3 Bh3 20. Ne1 Kh8 21. Nf3 Bxg2 22. Kxg2 Nd5 23. Qb3 Nxc3 24. Rxc3 Nd4 25. Nxd4 exd4 26. Rc2 Rb6 27. Ne4 Qd7 28. Rfc1 c6 29. Rc5 Bh6 30. R1c2 Ra6 31. Re5 Qc7 32. Rxb5 Rb6 33. Rxb6 Qxb6 34. Qc4 Rb8 35. Qxc6 Qxc6 36. Rxc6 fxg3 37. hxg3 Bf8 38. Nc5 Rxb4 39. Rc8 Kg7 40. Ne6+ Kf7 41. Nxf8 h6 42. Nd7 Ke7 43. Ne5 Kf6 44. Nc6 Ra4 45. Rd8 Ra6 1-0